000 00279nam a2200121Ia 4500
008 191201s2004 xx 000 0 und d
100 _aLIKER, Jeffery K
245 4 _aThe Toyota Way
260 _aN.Delhi
_bTMH
_c2004
300 _a330
650 _aGeneral Books
942 _2ddc
_cBK
999 _c3348
_d3348